Statistics for In Abundance Tracklist (Playboi Carti)

Click here to take the quiz!

General Stats

  • This quiz has been taken 19 times
  • The average score is 13 of 17

Answer Stats

HintAnswer% Correct
17Plug
(feat. Kodak Black, Rich The Kid)
100%
164Tspoon
(feat. Yung Bans)
86%
8Fetti
(feat. Da$h, Maxo Kream)
86%
15Freestyle 4 The People
(feat. Ethereal)
86%
10Paper
86%
14What We Doin'
86%
5Whole Thang
(feat. Uno The Activist)
86%
1YUNGXANHOE
86%
92Door
(feat. Lamb)
71%
4Count It Up
71%
3I Got Depressed Hoes
(feat. Slug Christ)
71%
11Pray 4 Me
71%
13Sneak Dissin
71%
7Dem Callin'
(feat. Ramriddlz)
57%
6Don't Tell Nobody
(feat. Hoodrich Keem)
57%
12Purple Pool
(feat. Neako)
57%
2Talk
43%

Score Distribution

Percentile by Number Answered

Percent of People with Each Score

Your Score History

You have not taken this quiz